000 00452nam a2200169Ia 4500
003 LK-CoDNM
005 20240316145033.0
008 010623t1933 xxu||||| |||| 00| 1 sin d
040 _aLK-CoDNM
_dLK-CoDNM
_eLK-CoDNM
041 _asin
080 _a104 HH9
245 _aධනවත්වීමට මඟපෙන්වන්නා
246 _aGuide to Wealth
260 _bB.M.Gomis
_aColombo
_c1933
300 _bDamaged
_a8p.,22 cm
942 _cBK
999 _c96755
_d96755